Countries that begin with 'N'. - Statistics

General Stats
  • This quiz has been taken 206 times
  • The average score is 9 of 10
Answer Stats
Hint Answer % Correct
Namibia
95%
Niger
93%
Nigeria
92%
Nicaragua
91%
Netherlands
87%
Norway
85%
Nepal
83%
New Zealand
82%
North Korea
81%
Nauru
79%
No matching quizzes found
Score Distribution
Percent of People with Each Score
Percentile by Number Answered
Your Score History
You have not taken this quiz